000 00431nam a22001817a 4500
003 MPLRDC
005 20220104114628.0
008 210129b ||||| |||| 00| 0 eng d
020 _a957-9431-22-1
082 _a192.1 LZCS v.2
100 _a张辰华主编
245 _a处事学与社交术
_c
260 _a
_b满庭芳出版社
_c1990
300 _b
490 _a励志丛书
650 _a
942 _cBK
_o192.1 LZCS v.2
999 _c8977
_d8967